[Event "Fast SC for NEW Members"]
[Site "SchemingMind.com"]
[Date "2006.11.21"]
[Round "-"]
[White "shmoopie"]
[Black "Nails"]
[Result "0-1"]
[WhiteCountry "USA"]
[BlackCountry "ENG"]
[WhiteElo "1253"]
[WhiteRD "255"]
[BlackElo "1459"]
[BlackRD "153"]
[GameID "77824"]

1. e4 c5 2. Bb5 a6 3. Ba4 b5 4. Bb3 c4 5. Qf3 cxb3 6. axb3 Bb7 7. c4 Nf6 8. d3 h6 9. cxb5 Qb6 10. bxa6 Rxa6
11. Be3 Qxb3 12. Rxa6 Bxa6 13. Bf4 e6 14. Nd2 Qb7 15. Nc4 Bxc4 16. dxc4 Be7 17. Ne2 O-O 18. Qc3 Nxe4 19. Qf3 Nc5 20. O-O Qxf3
21. gxf3 Nd3 22. Bxb8 Rxb8 23. Rd1 Nc5 24. Nd4 Rxb2 25. Nb5 Bg5 26. Nd6 Rd2 27. Rxd2 Bxd2 28. Nb5 Kf8 29. Na7 Ke7 30. Nc8+ Kd8
31. Nd6 f5 32. Nf7+ Ke7 33. Ne5 g5 34. h3 Bc3 35. f4 Bxe5 36. fxe5 f4 37. Kg2 Nd3 38. Kf3 Nxe5+ 39. Ke4 Nxc4 40. f3 d5+
41. Kd4 h5 42. Kd3 g4 43. hxg4 h4 44. g5 Ne5+ 45. Kd4 Nxf3+ 46. Kc5 h3 47. g6 h2 48. g7 Kf7 49. g8=Q+ Kxg8 50. Kd6 h1=Q
51. Kc7 Ne5 52. Kb8 d4 53. Kc8 Qc6+ 54. Kb8 Nd7+ 55. Ka7 Qb6+ 56. Ka8 Qb8#
0-1

[Event "Fast SC for NEW Members"]
[Site "SchemingMind.com"]
[Date "2006.11.20"]
[Round "-"]
[White "Nails"]
[Black "shmoopie"]
[Result "1-0"]
[WhiteCountry "ENG"]
[BlackCountry "USA"]
[WhiteElo "1459"]
[WhiteRD "153"]
[BlackElo "1253"]
[BlackRD "255"]
[GameID "77825"]

1. e4 e5 2. Nf3 d6 3. d4 exd4 4. Nxd4 c5 5. Nb3 Be6 6. Be3 Bxb3 7. cxb3 Qh4 8. Bd3 Qf6 9. Nc3 Ne7 10. O-O Ng6
11. Bc4 Nd7 12. Re1 Nde5 13. Bd5 O-O-O 14. Rc1 Nf4 15. Bxf4 Qxf4 16. f3 Be7 17. b4 c4 18. Ne2 Qf6 19. Bxc4 Kb8 20. Bd5 Qh6
21. Rc2 Bh4 22. Rf1 Bg5 23. Ng3 Be3+ 24. Kh1 Bf4 25. Kg1 Be3+ 26. Kh1 Rd7 27. Nf5 Qg5 28. Nxe3 Qxe3 29. Re1 Qf4 30. a4 Rc8
31. Rxc8+ Kxc8 32. a5 f5 33. b5 fxe4 34. Bxe4 Nc4 35. a6 bxa6 36. Qc2 axb5 37. b3 Rc7 38. bxc4 Rxc4 39. Qe2 Rc1 40. g3 Rxe1+
41. Qxe1 Qh6 42. Qc3+ Kd8 43. f4 g6 44. Qf6+ Kc7 45. Qe7+ Kb6 46. Qb7+ Ka5 47. Qxa7+ Kb4 48. Qd4+ Ka5 49. Qxd6 Qg7 50. f5 Qa1+
51. Kg2 Qb2+ 52. Kh3 Qe2 53. Qd3 Qh5+ 54. Kg2 g5 55. Bc6 g4 56. Qxb5#
1-0

[Event "Fast SC for NEW Members"]
[Site "SchemingMind.com"]
[Date "2006.11.21"]
[Round "-"]
[White "fervac"]
[Black "shmoopie"]
[Result "1-0"]
[WhiteCountry "NCA"]
[BlackCountry "USA"]
[WhiteElo "1871"]
[WhiteRD "174"]
[BlackElo "1126"]
[BlackRD "201"]
[GameID "77980"]

1. d4 d5 2. c4 dxc4 3. e3 b5 4. a4 c6 5. axb5 cxb5 6. Qf3 c3 7. Nxc3 b4 8. Bc4 Ba6 9. Qxf7+ Kd7 10. Qe6+ Kc7
11. Nd5+ Kb7 12. Rxa6 Nd7 13. e4 Ngf6 14. Bf4 Qc8 15. Nc7 Qxc7 16. Bxc7 Kxc7 17. Rc6+ Kd8 18. Nf3 Nh5 19. Ng5 Nf4 20. Nf7+ Ke8
21. Nd6+ Kd8 22. Nb7+ Ke8 23. Qf7#
1-0

[Event "Fast SC for NEW Members"]
[Site "SchemingMind.com"]
[Date "2006.11.21"]
[Round "-"]
[White "fervac"]
[Black "Nails"]
[Result "1-0"]
[WhiteCountry "NCA"]
[BlackCountry "ENG"]
[WhiteElo "1662"]
[WhiteRD "292"]
[BlackElo "1459"]
[BlackRD "153"]
[GameID "77981"]

1. d4 d5 2. c4 Nf6 3. cxd5 Nxd5 4. e4 Nb6 5. Nf3 Bg4 6. Be2 Bh5 7. Nc3 f6 8. O-O e5 9. dxe5 Bxf3 10. Qxd8+ Kxd8
11. Bxf3 fxe5 12. Bg5+ Be7 13. Rfd1+ Ke8 14. Bxe7 Kxe7 15. Nb5 Nc6 16. Nxc7 Rac8 17. Nd5+ Ke6 18. Bg4+
1-0

[Event "Fast SC for NEW Members"]
[Site "SchemingMind.com"]
[Date "2006.11.21"]
[Round "-"]
[White "shmoopie"]
[Black "fervac"]
[Result "0-1"]
[WhiteCountry "USA"]
[BlackCountry "NCA"]
[WhiteElo "1104"]
[WhiteRD "193"]
[BlackElo "1867"]
[BlackRD "135"]
[GameID "77982"]

1. e4 c5 2. d4 cxd4 3. Qxd4 Nc6 4. Qc4 d6 5. b4 Be6 6. Qc3 Nf6 7. f3 g6 8. Bg5 Bg7 9. Qe3 Nxe4 10. c3 Nxg5
11. h4 Nxf3+ 12. Nxf3 Nxb4 13. Na3 Nd5 14. Qc1 Bxc3+ 15. Kf2 Qb6+ 16. Kg3 Bxa1 17. Qxa1 O-O 18. Nc4 Qc5 19. Qb2 Nf6 20. Ncd2 Rac8
21. Qxb7 Rc7 22. Qb2 Ng4 23. Ne4 Qc1 24. Qf2 Nxf2 25. Kxf2 Rc2+ 26. Kg3 Bc4
0-1

[Event "Fast SC for NEW Members"]
[Site "SchemingMind.com"]
[Date "2006.11.21"]
[Round "-"]
[White "Nails"]
[Black "fervac"]
[Result "0-1"]
[WhiteCountry "ENG"]
[BlackCountry "NCA"]
[WhiteElo "1384"]
[WhiteRD "140"]
[BlackElo "1871"]
[BlackRD "174"]
[GameID "77983"]

1. e4 c5 2. Nf3 d6 3. Nc3 Nc6 4. Bb5 Bd7 5. O-O g6 6. Re1 Bg7 7. Bxc6 Bxc6 8. d4 cxd4 9. Nxd4 Nf6 10. Nb3 O-O
11. Bf4 b5 12. a3 a5 13. Nd4 Qb6 14. Nxc6 Qxc6 15. Qd3 Rfc8 16. Re2 b4 17. Nd5 Kf8 18. Be3 Nxd5 19. Qxd5 Qxd5 20. exd5 Bxb2
21. Ra2 bxa3 22. Rd2 Rc4 23. Re2 Rac8 24. Bd2 Rxc2 25. g3 Ke8 26. Kf1 a4 27. h3 Kd7 28. Bb4 Rxe2 29. Kxe2 Rc2+ 30. Kf1 Rc4
31. Bxa3 Bxa3 32. Rxa3 e6 33. dxe6+ fxe6
0-1

[Event "Fast SC for NEW Members"]
[Site "SchemingMind.com"]
[Date "2006.11.27"]
[Round "-"]
[White "javilez"]
[Black "shmoopie"]
[Result "1-0"]
[WhiteCountry "NCA"]
[BlackCountry "USA"]
[WhiteElo "1588"]
[WhiteRD "155"]
[BlackElo "1126"]
[BlackRD "201"]
[GameID "78139"]

1. d4 d5 2. c4 dxc4 3. e3 b5 4. a4 Bd7 5. axb5 Bxb5 6. Nc3 a6 7. Nxb5 c6 8. Nc3 a5 9. Bxc4 Nf6 10. Nf3 Qc7
11. b3 e6 12. Ba3 Bxa3 13. Rxa3 Nd5 14. Qd2 c5 15. Nxd5 exd5 16. Bxd5 Ra6 17. Bc4 Rf6 18. O-O Nc6 19. Bb5 O-O 20. Bxc6
1-0

[Event "Fast SC for NEW Members"]
[Site "SchemingMind.com"]
[Date "2006.11.27"]
[Round "-"]
[White "javilez"]
[Black "Nails"]
[Result "1-0"]
[WhiteCountry "NCA"]
[BlackCountry "ENG"]
[WhiteElo "1588"]
[WhiteRD "155"]
[BlackElo "1384"]
[BlackRD "140"]
[GameID "78140"]

1. d4 d5 2. c4 Nf6 3. e3 g6 4. Nc3 e6 5. Nf3 Nc6 6. Bd3 Bb4 7. Bd2 O-O 8. a3 Bxc3 9. Bxc3 Ne4 10. Rc1 Nxc3
11. Rxc3 Re8 12. O-O a6 13. cxd5 exd5 14. Re1 Bg4 15. Be2 b5 16. Rxc6 Re6 17. Rxe6 fxe6 18. Ne5
1-0

[Event "Fast SC for NEW Members"]
[Site "SchemingMind.com"]
[Date "2006.11.27"]
[Round "-"]
[White "javilez"]
[Black "fervac"]
[Result "0-1"]
[WhiteCountry "NCA"]
[BlackCountry "NCA"]
[WhiteElo "1588"]
[WhiteRD "155"]
[BlackElo "1871"]
[BlackRD "174"]
[GameID "78141"]

1. d4 d5 2. c4 c6 3. e3 Nf6 4. Nc3 e6 5. Bd3 Nbd7 6. Nf3 Be7 7. O-O O-O 8. Qc2 a6 9. b3 dxc4 10. bxc4 b5
11. c5 Qc7 12. Bd2 Nd5 13. Bxh7+ Kh8 14. Bd3 Nb4 15. Qb1 Nxd3 16. Qxd3 Rd8 17. Qc2 e5 18. Ne4 exd4 19. exd4 Nf6 20. Neg5 Kg8
21. Bc3 Rd5 22. Ne5 Ra7 23. Rfe1 g6 24. Ngxf7 Bf5 25. Qd2 Ne4 26. Qh6 Rxe5 27. Nxe5 Bg5
0-1

[Event "Fast SC for NEW Members"]
[Site "SchemingMind.com"]
[Date "2006.11.24"]
[Round "-"]
[White "shmoopie"]
[Black "javilez"]
[Result "0-1"]
[WhiteCountry "USA"]
[BlackCountry "NCA"]
[WhiteElo "1104"]
[WhiteRD "193"]
[BlackElo "1633"]
[BlackRD "120"]
[GameID "78142"]

1. e4 c6 2. d4 d5 3. exd5 cxd5 4. Bb5+ Bd7 5. Qd3 e6 6. Nf3 Qa5+ 7. Nc3 Bb4 8. Bxd7+ Nxd7 9. a3 Bxc3+ 10. bxc3 Ngf6
11. Bd2 Ne4 12. O-O Nxd2 13. Nxd2 Rc8 14. Nb3 Qxc3 15. Qg3 O-O 16. Rac1 Rc7 17. Rfe1 Qxg3 18. fxg3 Rfc8 19. Re2 Nf6 20. h3 Ne4
21. g4 Nc3 22. Rf2 b6 23. g3 a5 24. a4 Nxa4 25. g5 Nc3 26. g4 Ne4 27. Rh2 Nxg5 28. Kf2 Rxc2+ 29. Rxc2 Rxc2+ 30. Kg3 Ne4+
31. Kf3 Rxh2 32. h4 Rh3+ 33. Kg2 Rxb3 34. h5 a4 35. g5 a3 36. g6 a2
0-1

[Event "Fast SC for NEW Members"]
[Site "SchemingMind.com"]
[Date "2006.11.23"]
[Round "-"]
[White "Nails"]
[Black "javilez"]
[Result "0-1"]
[WhiteCountry "ENG"]
[BlackCountry "NCA"]
[WhiteElo "1459"]
[WhiteRD "153"]
[BlackElo "1747"]
[BlackRD "255"]
[GameID "78143"]

1. e4 e5 2. Nf3 Nc6 3. Bb5 d6 4. O-O f5 5. Nc3 Nf6 6. Re1 Be7 7. d4 Bd7 8. dxe5 Nxe5 9. Bxd7+ Qxd7 10. Nxe5 dxe5
11. Qxd7+ Nxd7 12. Nd5 Bd6 13. exf5 O-O-O 14. Be3 b6 15. h3 Rhf8 16. g4 Rf7 17. Bd2 c6 18. Nb4 Kb7 19. a3 h5 20. Kg2 hxg4
21. hxg4 Nf6 22. Kg3 a5 23. Nd3 e4+ 24. Kg2 exd3 25. cxd3 Nxg4
0-1

[Event "Fast SC for NEW Members"]
[Site "SchemingMind.com"]
[Date "2006.11.22"]
[Round "-"]
[White "fervac"]
[Black "javilez"]
[Result "1-0"]
[WhiteCountry "NCA"]
[BlackCountry "NCA"]
[WhiteElo "1871"]
[WhiteRD "174"]
[BlackElo "1588"]
[BlackRD "155"]
[GameID "78144"]

1. d4 e6 2. e4 d5 3. Nd2 c5 4. exd5 Qxd5 5. dxc5 Bxc5 6. Ngf3 Nf6 7. Bc4 Qd8 8. O-O O-O 9. a3 Nc6 10. b4 Bb6
11. Bb2 Bd4 12. Bxd4 Nxd4 13. Nb3 Nxf3+ 14. Qxf3 Qb6 15. Nc5 Bd7 16. Qxb7 Qxb7 17. Nxb7 Rac8 18. Bb3 Bc6 19. Nc5 Ne4 20. Nxe4 Bxe4
21. Rac1 Rc3 22. f3 Bg6 23. Rcd1 Bxc2 24. Bxc2 Rxc2 25. Rd7 Ra8 26. Rfd1 g6 27. Rb7 Rcc8 28. Rdd7 Rf8 29. a4 h6 30. b5 h5
31. Kf2 Kg7 32. Rxa7 Rxa7 33. Rxa7 Rb8 34. Ke3 Kf8 35. Ke4 f6 36. Kd4 Ke8 37. Kc5 Kd8 38. a5
1-0

[Event "Fast SC for NEW Members"]
[Site "SchemingMind.com"]
[Date "2006.11.22"]
[Round "-"]
[White "Poskok"]
[Black "shmoopie"]
[Result "0-1"]
[WhiteCountry "BIH"]
[BlackCountry "USA"]
[WhiteElo "1352"]
[WhiteRD "152"]
[BlackElo "1133"]
[BlackRD "154"]
[GameID "78207"]

1. d4 e6 2. c4 d5 3. Nf3 dxc4 4. Nc3 Bd7 5. Ne5 b5 6. e3 f6 7. Qf3 fxe5 8. Qxa8 Bc6 9. Qxa7 Nf6 10. dxe5 Ng4
11. Qd4 Qxd4 12. exd4 Bb4 13. f3 Nh6 14. Bxh6 gxh6 15. a4 bxa4 16. Bxc4 a3 17. Rb1 Rg8 18. Kf2 Nd7 19. Na2 Bd2 20. bxa3 Nb6
21. Rxb6 cxb6 22. Bxe6 Rg6 23. d5 Bb5 24. Rd1 Bf4 25. Nc3 Bc4 26. Bf5 Rg5 27. Bxh7 Rxe5 28. Re1 Rxe1 29. Kxe1 Bxh2 30. Ne4 Bxd5
31. Nf6+ Kf7 32. Nxd5 b5 33. Nc7 Bxc7
0-1

[Event "Fast SC for NEW Members"]
[Site "SchemingMind.com"]
[Date "2006.11.22"]
[Round "-"]
[White "Poskok"]
[Black "Nails"]
[Result "1-0"]
[WhiteCountry "BIH"]
[BlackCountry "ENG"]
[WhiteElo "1667"]
[WhiteRD "211"]
[BlackElo "1459"]
[BlackRD "153"]
[GameID "78208"]

1. d4 d5 2. c4 Nf6 3. cxd5 Nxd5 4. e4 Nb6 5. Nc3 e6 6. Nf3 Bb4 7. Bd3 O-O 8. O-O c5 9. a3 Bxc3 10. bxc3 c4
11. Bb1 Re8 12. Qc2 g6 13. Ne5 Bd7 14. Nxd7 N8xd7 15. a4 a5 16. Bf4 e5 17. Bg3 Rc8 18. d5 Nc5 19. f4 Nd3 20. Qe2 exf4
21. Bxf4 Nxf4 22. Rxf4 Rc7 23. Qf2 Qd6 24. Rf6 Qc5 25. Qxc5
1-0

[Event "Fast SC for NEW Members"]
[Site "SchemingMind.com"]
[Date "2006.11.23"]
[Round "-"]
[White "Poskok"]
[Black "fervac"]
[Result "0-1"]
[WhiteCountry "BIH"]
[BlackCountry "NCA"]
[WhiteElo "1352"]
[WhiteRD "143"]
[BlackElo "1867"]
[BlackRD "135"]
[GameID "78209"]

1. Nf3 c5 2. c4 Nc6 3. Nc3 Nf6 4. g3 e6 5. Bg2 g6 6. d4 d5 7. cxd5 exd5 8. dxc5 Bxc5 9. O-O O-O= 10. Na4 Bd6
11. Bg5 Be6
0-1

[Event "Fast SC for NEW Members"]
[Site "SchemingMind.com"]
[Date "2006.11.23"]
[Round "-"]
[White "Poskok"]
[Black "javilez"]
[Result "0-1"]
[WhiteCountry "BIH"]
[BlackCountry "NCA"]
[WhiteElo "1667"]
[WhiteRD "211"]
[BlackElo "1747"]
[BlackRD "255"]
[GameID "78210"]

1. Nf3 d5 2. d4 e6 3. c4 Nf6 4. g3 c5 5. cxd5 Nxd5 6. e4 Nb6 7. Nc3 cxd4 8. Qxd4 Qxd4 9. Nxd4 Bd7 10. Ndb5 Na6
11. Bg2 Bc6 12. O-O Bb4 13. e5 Bxg2 14. Kxg2 Bxc3 15. Nxc3 Nc7 16. Ne4 Nc8 17. Nd6+ Nxd6 18. exd6 Nd5 19. Bf4 Nxf4+ 20. gxf4 Kd7
21. Rfd1 Rac8 22. Rd3 Rc6 23. Rad1 Rhc8 24. Kf3 Rb6 25. b3 Rcc6 26. Ke4 Rxd6 27. Rd4 Rxd4+ 28. Rxd4+ Rd6 29. Rxd6+ Kxd6 30. f5 exf5+
31. Kxf5 Kd5 32. f4 b5
0-1

[Event "Fast SC for NEW Members"]
[Site "SchemingMind.com"]
[Date "2006.11.22"]
[Round "-"]
[White "shmoopie"]
[Black "Poskok"]
[Result "1-0"]
[WhiteCountry "USA"]
[BlackCountry "BIH"]
[WhiteElo "1133"]
[WhiteRD "154"]
[BlackElo "1352"]
[BlackRD "152"]
[GameID "78211"]

1. e4 e5 2. d3 Nc6 3. h4 Nf6 4. Bg5 h6 5. Bxf6 Qxf6 6. Nf3 Bc5 7. c3 d6 8. b4 Bb6 9. b5 Ne7 10. a4 Bg4
11. Be2 a5 12. Na3 Bxf3 13. Bxf3 O-O-O 14. Nc4 d5 15. Nxb6+ Qxb6 16. exd5 Nxd5 17. Bxd5 Rxd5 18. Qg4+ Kb8 19. Qxg7 Rhd8 20. c4 Rxd3
21. Qxe5 Qd4 22. Qxd4 R8xd4 23. Rc1 Ra3 24. h5 Rxa4 25. c5 Rdc4 26. Rd1 Rxc5 27. Rd8+
1-0

[Event "Fast SC for NEW Members"]
[Site "SchemingMind.com"]
[Date "2006.11.22"]
[Round "-"]
[White "Nails"]
[Black "Poskok"]
[Result "0-1"]
[WhiteCountry "ENG"]
[BlackCountry "BIH"]
[WhiteElo "1459"]
[WhiteRD "153"]
[BlackElo "1667"]
[BlackRD "211"]
[GameID "78212"]

1. e4 e5 2. Nf3 Nc6 3. Bb5 a6 4. Ba4 Nf6 5. Nc3 Be7 6. O-O b5 7. Bb3 O-O 8. a3 Bb7 9. d3 Bc5 10. Re1 Ng4
11. d4 exd4 12. Nxd4 Nxd4 13. Qxg4 Nxb3 14. cxb3 Qf6 15. Bf4 d6 16. e5 Qg6 17. Qxg6 fxg6 18. Bg3 dxe5 19. Rxe5 Bd6 20. Re3 Bxg3
21. Rxg3 Rad8 22. Rd1 Rxd1+ 23. Nxd1 Rd8 24. Nc3 Rd2 25. h3 Rxb2 26. b4 Rb3 27. Ne2 Rxg3 28. Nxg3 Kf7 29. f3 Ke6 30. Kf2 Kd5
31. Ne4 Kc4 32. Ng5 Kb3 33. g4 Kxa3 34. Nxh7 Kxb4
0-1

[Event "Fast SC for NEW Members"]
[Site "SchemingMind.com"]
[Date "2006.11.27"]
[Round "-"]
[White "javilez"]
[Black "Poskok"]
[Result "1-0"]
[WhiteCountry "NCA"]
[BlackCountry "BIH"]
[WhiteElo "1588"]
[WhiteRD "155"]
[BlackElo "1464"]
[BlackRD "174"]
[GameID "78214"]

1. d4 d5 2. c4 c6 3. Nc3 Nf6 4. e3 e6 5. Nf3 Nbd7 6. cxd5 exd5 7. Bd3 Bd6 8. Qc2 O-O 9. O-O Re8 10. Re1 Qc7
11. Bd2 Ne4 12. Nxe4
1-0

[Event "Fast SC for NEW Members"]
[Site "SchemingMind.com"]
[Date "2006.11.26"]
[Round "-"]
[White "trashy"]
[Black "shmoopie"]
[Result "1-0"]
[WhiteCountry "POR"]
[BlackCountry "USA"]
[WhiteElo "1887"]
[WhiteRD "155"]
[BlackElo "1126"]
[BlackRD "201"]
[GameID "78324"]

1. d4 d5 2. Nf3 e6 3. e3 f6 4. c4 dxc4 5. Bxc4 Bd7 6. Qb3 a6 7. Bxe6 Nh6 8. e4 Bxe6 9. Qxe6+ Be7 10. Bxh6 gxh6
11. Nc3 Nc6 12. Nd5
1-0

[Event "Fast SC for NEW Members"]
[Site "SchemingMind.com"]
[Date "2006.11.23"]
[Round "-"]
[White "trashy"]
[Black "Nails"]
[Result "1-0"]
[WhiteCountry "POR"]
[BlackCountry "ENG"]
[WhiteElo "1887"]
[WhiteRD "155"]
[BlackElo "1384"]
[BlackRD "140"]
[GameID "78325"]

1. d4 d5 2. Nf3 e6 3. e3 Nf6 4. Bd3 c5 5. c3 c4 6. Bc2 Nc6 7. Nbd2 Bd6 8. e4 dxe4 9. Nxe4 Nd5 10. O-O O-O
11. Qe2 Bf4 12. Qxc4 a6 13. Neg5 Bxc1 14. Raxc1 Qb6 15. Bxh7+ Kh8 16. Bb1 Qxb2 17. Qd3 f5 18. Ne5 Nce7 19. Qh3+
1-0

[Event "Fast SC for NEW Members"]
[Site "SchemingMind.com"]
[Date "2006.11.23"]
[Round "-"]
[White "trashy"]
[Black "fervac"]
[Result "1-0"]
[WhiteCountry "POR"]
[BlackCountry "NCA"]
[WhiteElo "1943"]
[WhiteRD "145"]
[BlackElo "1867"]
[BlackRD "135"]
[GameID "78326"]

1. d4 Nf6 2. Nf3 d5 3. c4 c6 4. Nc3 e6 5. cxd5 cxd5 6. Bf4 Nc6 7. e3 Bd6 8. Bxd6 Qxd6 9. Bd3 O-O 10. O-O a6
11. Rc1 Bd7 12. Qe2 Rac8 13. Rfd1 Nb4 14. Bb1 Rc7 15. e4 dxe4 16. Nxe4 Nxe4 17. Qxe4 g6 18. Ne5 Rxc1 19. Rxc1 Bc6 20. Qh4 Qd5
21. Qg4 Rd8 22. a3 Na2 23. Bxa2 Qxa2 24. Qf4 Qd5 25. Qxf7+ Kh8 26. Rxc6 bxc6 27. Nxc6 Qxc6 28. Qf6+ Kg8 29. Qxd8+ Kg7 30. Qg5 Qe4=
31. Qe5+ Qxe5 32. dxe5 g5 33. g4 Kf7 34. Kf1 Ke7 35. Ke2 Kd7 36. f4 gxf4 37. h4
1-0

[Event "Fast SC for NEW Members"]
[Site "SchemingMind.com"]
[Date "2006.11.23"]
[Round "-"]
[White "trashy"]
[Black "Poskok"]
[Result "1-0"]
[WhiteCountry "POR"]
[BlackCountry "BIH"]
[WhiteElo "1887"]
[WhiteRD "155"]
[BlackElo "1464"]
[BlackRD "174"]
[GameID "78327"]

1. d4 d5 2. Nf3 Nf6 3. c4 c6 4. Nc3 e6 5. cxd5 exd5 6. Qc2 g6 7. Bg5 Be7 8. e3 Bf5 9. Bd3 Bxd3 10. Qxd3 Nbd7
11. O-O
1-0

[Event "Fast SC for NEW Members"]
[Site "SchemingMind.com"]
[Date "2006.11.23"]
[Round "-"]
[White "trashy"]
[Black "javilez"]
[Result "1-0"]
[WhiteCountry "POR"]
[BlackCountry "NCA"]
[WhiteElo "1887"]
[WhiteRD "155"]
[BlackElo "1588"]
[BlackRD "155"]
[GameID "78328"]

1. d4 d5 2. Nf3 e6 3. e3 Nf6 4. Bd3 c5 5. c3 Nc6 6. Nbd2 cxd4 7. exd4 Bd6 8. O-O O-O 9. Re1 Qc7 10. Nf1 Re8
11. Bg5 Nd7 12. Qc2 Nf8 13. Rad1 Bd7 14. Ng3 f6 15. Bc1 e5 16. dxe5 fxe5 17. Bf5 Ne7 18. Ng5 e4 19. Bxe4 dxe4 20. Qb3+ Kh8
21. Nf7+ Kg8 22. Nh6+ Kh8 23. Qg8+ Nxg8 24. Nf7#
1-0

[Event "Fast SC for NEW Members"]
[Site "SchemingMind.com"]
[Date "2006.11.26"]
[Round "-"]
[White "shmoopie"]
[Black "trashy"]
[Result "0-1"]
[WhiteCountry "USA"]
[BlackCountry "POR"]
[WhiteElo "1126"]
[WhiteRD "201"]
[BlackElo "1887"]
[BlackRD "155"]
[GameID "78329"]

1. e4 Nf6 2. d3 c5 3. c4 d6 4. Nc3 g6 5. Nf3 Bg7 6. Bd2 O-O 7. g3 Na6 8. h4 Bg4 9. Be2 Rb8 10. d4 cxd4
11. Nd5 Nxe4
0-1

[Event "Fast SC for NEW Members"]
[Site "SchemingMind.com"]
[Date "2006.11.23"]
[Round "-"]
[White "Nails"]
[Black "trashy"]
[Result "0-1"]
[WhiteCountry "ENG"]
[BlackCountry "POR"]
[WhiteElo "1379"]
[WhiteRD "115"]
[BlackElo "1943"]
[BlackRD "145"]
[GameID "78330"]

1. e4 Nf6 2. Nc3 d5 3. e5 Nfd7 4. e6 fxe6 5. Nf3 Nf6 6. d4 c5 7. dxc5 Qc7 8. Be3 Bd7 9. Bb5 Nc6 10. O-O h6
11. a3 O-O-O 12. Re1 g5 13. Bxc6 bxc6 14. Bd4 Bg7 15. Ne5 Rhg8 16. b4 Be8 17. b5 cxb5 18. Nf3 g4 19. Bxf6 Bxf6 20. Nd4 Bxd4
21. Qxd4 Bd7 22. a4 bxa4 23. Nxa4 Rg5 24. c4 Bxa4 25. Rxa4 dxc4 26. Qxc4 Rdd5 27. g3 Rge5 28. Rxe5 Rxe5 29. Ra1 Qxc5 30. Qxc5+ Rxc5
31. Rxa7 Rc7 32. Ra8+ Kd7 33. Rh8 e5 34. Rxh6 Rc4 35. Rh4 Ke6 36. f3 Rc1+ 37. Kg2 Rc2+ 38. Kh1 gxf3 39. g4 Rc1#
0-1

[Event "Fast SC for NEW Members"]
[Site "SchemingMind.com"]
[Date "2006.11.23"]
[Round "-"]
[White "fervac"]
[Black "trashy"]
[Result "1/2-1/2"]
[WhiteCountry "NCA"]
[BlackCountry "POR"]
[WhiteElo "1827"]
[WhiteRD "113"]
[BlackElo "1955"]
[BlackRD "133"]
[GameID "78331"]

1. d4 Nf6 2. c4 e6 3. Nc3 Bb4 4. Qc2 O-O 5. Bg5 h6 6. Bh4 c5 7. e3 cxd4 8. exd4 Nc6 9. Nf3 d5 10. cxd5 exd5
11. Be2 Re8 12. O-O Bxc3 13. bxc3 Qd6 14. Bg3 Qa3 15. Bb5 Ne4 16. Rac1 Bf5 17. Qb3 Qxb3 18. axb3 Nxg3 19. fxg3 Re6 20. Bxc6 bxc6
21. Ne5 Bg6 22. Ra1 c5 23. Ra5 cxd4 24. cxd4 Rb6 25. Rxd5 Rxb3 26. Rd7 a5 27. Nxg6 fxg6 28. Ra1 a4 29. Rc7 a3 30. Rcc1 Rd3
31. d5 Rxd5 32. Rc3 a2 33. Rc2 Rda5 34. Kf2 Kf7 35. Ke1=
1/2-1/2

[Event "Fast SC for NEW Members"]
[Site "SchemingMind.com"]
[Date "2006.11.28"]
[Round "-"]
[White "javilez"]
[Black "trashy"]
[Result "1/2-1/2"]
[WhiteCountry "NCA"]
[BlackCountry "POR"]
[WhiteElo "1762"]
[WhiteRD "71"]
[BlackElo "1993"]
[BlackRD "114"]
[GameID "78333"]

1. d4 Nf6 2. c4 e6 3. Nc3 Bb4 4. Bd2 O-O 5. e3 d5 6. Nf3 Nbd7 7. Bd3 dxc4 8. Bxc4 Nb6 9. Bd3 c5 10. a3 Bxc3
11. Bxc3 Nbd5 12. Qc2 Nxc3 13. Qxc3 cxd4 14. Nxd4 e5 15. Ne2 e4 16. Bc2 Bg4 17. Nd4 Rc8 18. Qd2 Qb6 19. b4 Rfe8 20. O-O Nd5
21. Bb3 Ne7 22. Rac1 Qg6 23. Ne2 Bxe2 24. Qxe2 Nf5 25. h3 Nh4 26. Qg4 Qxg4 27. hxg4 Ng6 28. Ba4 Red8 29. Rc2 Ne5 30. f4 Nd3
31. Rxc8 Rxc8 32. Bd7 Rc3 33. Bf5 Rxa3 34. Bxe4 Nxb4 35. Rb1 a5 36. Rd1 g6 37. Bxb7 Rxe3 38. Ra1 Re7 39. Bf3 Ra7 40. Bd1 Kf8
41. Kf1 Ke7 42. Ke2 Kd6 43. Kd2 Kd5 44. Bf3+ Kc4 45. Rc1+ Kd4 46. Be2 Re7 47. Rc4+ Kd5 48. Rc3 Ra7 49. Ke3 Kd6 50. Ke4 f6
51. Kd4 a4=
1/2-1/2